Was it Trump or a Dictator ? - Statistics

General Stats
  • This quiz has been taken 80 times
  • The average score is 9 of 15
Answer Stats
Question Answer % Correct
"If I lose, it's rigged." Trump
85%
"I built a tremendous economy. Nobody else could've done that." Trump
84%
"They want to take away your rights, your guns, your freedom — but I won't let them." Trump
76%
"One people, one empire, one leader." Dictator
75%
"We're going to find out who really loves this country, and who hates it." Trump
69%
"It is better to live one day as a lion than a hundred years as a sheep." Dictator
65%
"I alone can fix it" Trump
65%
"I have the right to do whatever I want as president." Trump
65%
"There is no opposition, only enemies of the state." Dictator
62%
"When somebody is the President, the authority is total." Trump
60%
"I will never apologize for putting my country first." Trump
47%
"The press is the enemy of the people." Trump
40%
"Only I can restore the greatness of our nation." Dictator
29%
"Without me, the country would fall apart." Dictator
26%
"The people always come to me." Dictator
18%
No matching quizzes found
Score Distribution
Percent of People with Each Score
Percentile by Number Answered
Your Score History
You have not taken this quiz